Все альбомы «Гражданской обороны» - Statistics

General Stats
  • This quiz has been taken 13 times
  • The average score is 13 of 27
Answer Stats
Hint Answer % Correct
1987 Хорошо
75%
1987 Тоталитаризм
63%
1988 Всё Идёт По Плану
63%
1988 Так Закалялась Сталь
63%
1997 Солнцеворот
63%
2005 Реанимация
63%
1985 Поганая Молодёжь
50%
1985 Оптимизм
50%
1987 Красный Альбом
50%
1989 Песни Радости И Счастья
50%
1989 Здорово И Вечно
50%
1989 Русское Поле Экспериментов
50%
1990 Инструкция По Выживанию
50%
1997 Невыносимая лёгкость бытия
50%
2004 Долгая счастливая жизнь
50%
2005 Посев
50%
2005 Лунный переворот
50%
2007 Зачем снятся сны
50%
1986 Игра в бисер перед свиньями
38%
1988 Боевой Стимул
38%
1989 Война
38%
1989 Армагеддон Попс
38%
2002 Звездопад
38%
2005 Сносная тяжесть небытия
38%
1987 Мышеловка
25%
1985 Psychedelia Today
25%
1987 Некрофилия
13%
No matching quizzes found
Score Distribution
Percent of People with Each Score
Percentile by Number Answered
Your Score History
You have not taken this quiz